[Event "Cattolica op 7th"]
[Site "Cattolica"]
[Date "2020.09.06"]
[Round "7"]
[White "Alanic, Mickael"]
[Black "Gallana, Marco"]
[Result "0-1"]
[WhiteElo "2306"]
[BlackElo "2195"]
[PlyCount "48"]
[EventDate "2020.08.31"]
[EventType "swiss"]
[EventRounds "9"]
[EventCountry "ITA"]
[SourceTitle "EXT 2021"]
[Source "ChessBase"]
[SourceDate "2020.10.23"]
[SourceVersion "1"]
[SourceVersionDate "2020.10.23"]
[SourceQuality "1"]

1. e4 c5 2. Nf3 d6 3. d4 cxd4 4. Nxd4 Nf6 5. Bd3 e5 6. Nf3 Be7 7. c4 0-0 8. Nc3 Be6 9. 0-0 Nbd7 10. b3 Re8 11. Ne1 Qc8 12. Nc2 a6 13. Bb2 Bd8 14. Rc1 Bb6 15. Kh1 Ng4 16. Qe2 Qd8 17. f3 Nxh2 18. Rf2 Ng4 19. fxg4 Qh4+ 20. Kg1 Bxg4 21. Qd2 Re6 22. Ne3 Rh6 23. Rff1 Qh2+ 24. Kf2 Rf6+ 0-1

[Event "Cattolica op 7th"]
[Site "Cattolica"]
[Date "2020.09.01"]
[Round "2"]
[White "Degraeve, Jean Marc"]
[Black "Alanic, Mickael"]
[Result "1-0"]
[WhiteElo "2530"]
[BlackElo "2306"]
[PlyCount "55"]
[EventDate "2020.08.31"]
[EventType "swiss"]
[EventRounds "9"]
[EventCountry "ITA"]
[SourceTitle "EXT 2021"]
[Source "ChessBase"]
[SourceDate "2020.10.23"]
[SourceVersion "1"]
[SourceVersionDate "2020.10.23"]
[SourceQuality "1"]

1. e4 e5 2. Nf3 Nc6 3. Nc3 Nf6 4. Bb5 Bb4 5. 0-0 0-0 6. Bxc6 bxc6 7. Nxe5 Bxc3 8. dxc3 Re8 9. Bf4 Nxe4 10. Re1 Nf6 11. Qf3 Rb8 12. b3 Re6 13. c4 c5 14. Bg5 h6 15. Bxf6 Qxf6 16. Qxf6 Rxf6 17. Nd3 Kf8 18. Nxc5 Rf5 19. Na4 Bb7 20. Re3 Rg5 21. f3 Re8 22. Rae1 Re6 23. Kf2 Rf5 24. Nc3 a6 25. Rd1 Rg5 26. Rxe6 dxe6 27. Rd7 Rc5 28. Na4 1-0

[Event "Barcelona Sants op-A18th"]
[Site "Barcelona"]
[Date "2016.08.25"]
[Round "7"]
[White "Cori Tello, Deysi Estella"]
[Black "Alanic, Mickael"]
[Result "1/2-1/2"]
[WhiteElo "2433"]
[BlackElo "2295"]
[PlyCount "88"]
[EventDate "2016.08.19"]
[EventType "swiss"]
[EventRounds "10"]
[EventCountry "ESP"]
[SourceTitle "CBM 174 Extra"]
[Source "ChessBase"]
[SourceDate "2016.10.10"]
[SourceVersion "1"]
[SourceVersionDate "2016.10.10"]
[SourceQuality "1"]

1. d4 Nf6 2. Nf3 g6 3. Bf4 Bg7 4. Qc1 c5 5. c3 Nc6 6. dxc5 b6 7. cxb6 Qxb6 8. Be3 Qc7 9. g3 Rb8 10. Bg2 Ng4 11. b3 Ba6 12. h3 Nxe3 13. Qxe3 Qa5 14. 0-0 0-0 15. Nfd2 d5 16. b4 Qb5 17. a4 Qxe2 18. b5 Bxb5 19. axb5 Qxb5 20. Na3 Qa5 21. Rfc1 e6 22. Nac4 Qc7 23. Qc5 Rfc8 24. Ra6 Qb7 25. Qa3 dxc4 26. Nxc4 Qd7 27. Qd6 Qxd6 28. Nxd6 Nd4 29. Nxc8 Ne2+ 30. Kh2 Nxc1 31. Ne7+ Kf8 32. Nc6 Rc8 33. c4 Nd3 34. Rxa7 Nxf2 35. Rd7 f5 36. Nd8 Be5 37. Nxe6+ Ke8 38. Rd5 Bb8 39. c5 Ke7 40. Nd4 Ne4 41. Bxe4 fxe4 42. c6 Kf6 43. Kg2 Be5 44. Nb3 Rxc6 1/2-1/2

[Event "Barcelona Sants op-A18th"]
[Site "Barcelona"]
[Date "2016.08.24"]
[Round "6"]
[White "Alanic, Mickael"]
[Black "Ciolek, Andreas"]
[Result "1-0"]
[WhiteElo "2295"]
[BlackElo "2168"]
[PlyCount "67"]
[EventDate "2016.08.19"]
[EventType "swiss"]
[EventRounds "10"]
[EventCountry "ESP"]
[SourceTitle "CBM 174 Extra"]
[Source "ChessBase"]
[SourceDate "2016.10.10"]
[SourceVersion "1"]
[SourceVersionDate "2016.10.10"]
[SourceQuality "1"]

1. e4 c5 2. Nf3 d6 3. d3 Nc6 4. g3 g6 5. Bg2 Bg7 6. 0-0 e5 7. Re1 Nge7 8. c3 0-0 9. a3 h6 10. b4 a6 11. Nbd2 Be6 12. Nb3 b6 13. Bb2 cxb4 14. axb4 d5 15. exd5 Nxd5 16. d4 Qc7 17. c4 Ndxb4 18. d5 Rfd8 19. Qe2 Bg4 20. dxc6 e4 21. Bxg7 f5 22. Bc3 Nd3 23. Qe3 Nxe1 24. Nxe1 Qxc6 25. Qxh6 Rd7 26. Qh8+ Kf7 27. Qg7+ Ke8 28. Qe5+ Re7 29. Qd5 Qxd5 30. cxd5 Rd7 31. f3 exf3 32. Nxf3 Rc8 33. Re1+ Kf8 34. Ne5 1-0

[Event "Liffre op 1st"]
[Site "Liffre"]
[Date "2015.10.17"]
[Round "5"]
[White "Alanic, Mickael"]
[Black "Stany, George Anthony"]
[Result "0-1"]
[WhiteElo "2271"]
[BlackElo "2385"]
[PlyCount "68"]
[EventDate "2015.10.17"]
[EventType "swiss"]
[EventRounds "9"]
[EventCountry "FRA"]
[SourceTitle "EXT 2019"]
[Source "ChessBase"]
[SourceDate "2018.10.10"]
[SourceVersion "1"]
[SourceVersionDate "2018.10.10"]
[SourceQuality "1"]

1. e4 g6 2. d4 Bg7 3. Nc3 d6 4. Be3 a6 5. Qd2 b5 6. a3 Bb7 7. h4 Nf6 8. f3 h6 9. Nge2 Nbd7 10. g4 c5 11. Ng3 Qc7 12. d5 Ne5 13. Kf2 h5 14. gxh5 Nxh5 15. Nxh5 Rxh5 16. Be2 0-0-0 17. b3 Rh7 18. f4 Nd7 19. Rag1 Rdh8 20. h5 gxh5 21. Bxh5 Rxh5 22. Rxh5 Rxh5 23. Rxg7 Nf6 24. Kg1 Qd7 25. Qg2 Qh3 26. Qxh3+ Rxh3 27. Bd2 b4 28. axb4 cxb4 29. Na4 a5 30. Kg2 Rh5 31. Kf3 Kd8 32. Rxf7 Rh2 33. Be3 Rh3+ 34. Ke2 Ba6+ 0-1

[Event "Liffre op 1st"]
[Site "Liffre"]
[Date "2015.10.17"]
[Round "4"]
[White "Bailet, Pierre"]
[Black "Alanic, Mickael"]
[Result "1-0"]
[WhiteElo "2515"]
[BlackElo "2271"]
[PlyCount "111"]
[EventDate "2015.10.17"]
[EventType "swiss"]
[EventRounds "9"]
[EventCountry "FRA"]
[SourceTitle "EXT 2019"]
[Source "ChessBase"]
[SourceDate "2018.10.10"]
[SourceVersion "1"]
[SourceVersionDate "2018.10.10"]
[SourceQuality "1"]

1. e4 c6 2. d4 d5 3. Nd2 dxe4 4. Nxe4 Nd7 5. Ng5 Ngf6 6. Bd3 e6 7. N1f3 Bd6 8. Qe2 h6 9. Ne4 Nxe4 10. Qxe4 Nf6 11. Qe2 0-0 12. Bd2 c5 13. dxc5 Bxc5 14. 0-0-0 Qb6 15. Ne5 Bd4 16. c3 Bxe5 17. Qxe5 Qxf2 18. Rhf1 Qh4 19. Rf3 Ng4 20. Qc5 Qxh2 21. Bh7+ Kxh7 22. Qxf8 f5 23. Rh3 Qe5 24. c4 Qf6 25. Qxf6 Nxf6 26. Bc3 Ng4 27. Rd8 b6 28. Re8 e5 29. Bxe5 Nxe5 30. Rxe5 f4 31. Rh4 Bb7 32. Re7 Bxg2 33. Rg4 f3 34. Rgxg7+ Kh8 35. Rh7+ Kg8 36. Reg7+ Kf8 37. Rc7 Kg8 38. Rhg7+ Kh8 39. Rgf7 h5 40. Kd2 Re8 41. Rh7+ Kg8 42. Rcg7+ Kf8 43. Rxa7 Kg8 44. Rag7+ Kf8 45. Rf7+ Kg8 46. Rhg7+ Kh8 47. Rg5 Re4 48. Rf6 Kh7 49. Rxh5+ Kg7 50. Rhf5 Rxc4 51. Rxb6 Re4 52. Rbf6 Re2+ 53. Kc3 Re3+ 54. Kb4 Re4+ 55. Ka3 Re3+ 56. b3 1-0

[Event "Rennes op 7th"]
[Site "Rennes"]
[Date "2014.07.05"]
[Round "1"]
[White "Alanic, Mickael"]
[Black "Deschamps, Quentin"]
[Result "1-0"]
[WhiteElo "2258"]
[BlackElo "1721"]
[PlyCount "51"]
[EventDate "2014.07.05"]
[EventType "swiss"]
[EventRounds "9"]
[EventCountry "FRA"]
[SourceTitle "CBM 161 Extra"]
[Source "ChessBase"]
[SourceDate "2014.08.29"]
[SourceVersion "1"]
[SourceVersionDate "2014.08.29"]
[SourceQuality "1"]

1. e4 c5 2. Nf3 d6 3. Bb5+ Bd7 4. Bxd7+ Qxd7 5. c4 Nc6 6. 0-0 g6 7. d4 cxd4 8. Nxd4 Bg7 9. Be3 Nf6 10. f3 0-0 11. Nc3 Rac8 12. b3 Ne8 13. Rc1 Nc7 14. Qd2 Ne6 15. Nde2 f5 16. Rfd1 Ne5 17. Qd5 Kh8 18. Nd4 Nxd4 19. Bxd4 fxe4 20. Bxe5 Bxe5 21. Qxe5+ dxe5 22. Rxd7 exf3 23. gxf3 Rxf3 24. Rxe7 Rcf8 25. Rxe5 Rf2 26. Re2 1-0

[Event "Rennes Masters op"]
[Site "Rennes"]
[Date "2013.04.01"]
[Round "5"]
[White "Alanic, Mickael"]
[Black "Geffroy, Leo"]
[Result "1-0"]
[WhiteElo "2247"]
[BlackElo "1970"]
[PlyCount "41"]
[EventDate "2013.03.30"]
[EventType "tourn"]
[EventRounds "7"]
[EventCountry "FRA"]
[SourceTitle "EXT 2014"]
[Source "ChessBase"]
[SourceDate "2013.11.20"]
[SourceVersion "1"]
[SourceVersionDate "2013.11.20"]
[SourceQuality "1"]

1. e4 c5 2. Nc3 Nc6 3. Bb5 Nd4 4. Nf3 g6 5. Bc4 Bg7 6. Nxd4 cxd4 7. Qf3 e6 8. Nb5 Qb6 9. Qf4 Nh6 10. Nc7+ Ke7 11. Nxa8 Qc5 12. d3 f6 13. Qc7 Qxc7 14. Nxc7 a6 15. a4 Nf7 16. Na8 h5 17. Nb6 d6 18. f4 h4 19. Bd2 Bd7 20. Nxd7 Kxd7 21. f5 1-0

[Event "Rennes Masters op"]
[Site "Rennes"]
[Date "2013.03.31"]
[Round "3"]
[White "Alanic, Mickael"]
[Black "Alanic, Xavier"]
[Result "1/2-1/2"]
[WhiteElo "2247"]
[BlackElo "2245"]
[PlyCount "41"]
[EventDate "2013.03.30"]
[EventType "tourn"]
[EventRounds "7"]
[EventCountry "FRA"]
[SourceTitle "EXT 2014"]
[Source "ChessBase"]
[SourceDate "2013.11.20"]
[SourceVersion "1"]
[SourceVersionDate "2013.11.20"]
[SourceQuality "1"]

1. e4 c6 2. d4 d5 3. Nc3 dxe4 4. Nxe4 Nf6 5. Nxf6+ exf6 6. Bf4 Be6 7. Nf3 Bd6 8. Bxd6 Qxd6 9. c3 0-0 10. Bd3 Re8 11. 0-0 Nd7 12. Qc2 Nf8 13. Rfe1 Bd7 14. Rxe8 Rxe8 15. Re1 Re6 16. Rxe6 fxe6 17. h3 Be8 18. Nd2 Bg6 19. Bxg6 Nxg6 20. Qe4 Qd5 21. Qxd5 1/2-1/2

[Event "FRA-chT1A 0607"]
[Site "France"]
[Date "2007.01.20"]
[Round "5.5"]
[White "Alanic, Mickael"]
[Black "Guyard, Rodolphe"]
[Result "1/2-1/2"]
[WhiteElo "2236"]
[BlackElo "2127"]
[PlyCount "90"]
[EventDate "2006.10.15"]
[EventType "team-tourn"]
[EventRounds "11"]
[EventCountry "FRA"]
[SourceTitle "EXT 2008"]
[Source "ChessBase"]
[SourceDate "2007.11.25"]
[SourceVersion "1"]
[SourceVersionDate "2007.11.25"]
[SourceQuality "1"]
[WhiteTeam "Guingamp"]
[BlackTeam "Evry Grand Roque II"]
[WhiteTeamCountry "FRA"]
[BlackTeamCountry "FRA"]

1. e4 c5 2. Nf3 d6 3. g3 Nf6 4. d3 g6 5. Bg2 Bg7 6. 0-0 Nc6 7. Re1 Qc7 8. c3 0-0 9. h3 a6 10. a4 Rb8 11. d4 Nd7 12. d5 Na5 13. Bg5 Re8 14. Nbd2 c4 15. Nd4 Nc5 16. Bf1 b5 17. axb5 axb5 18. b4 cxb3 19. Nxb5 Qb6 20. Nd4 Bd7 21. Be3 Qc7 22. Ra3 b2 23. Qc2 Rb7 24. Rb1 Reb8 25. Ra2 f5 26. Raxb2 Rxb2 27. Rxb2 Rxb2 28. Qxb2 fxe4 29. Qb1 Be5 30. Nxe4 Nxe4 31. Qxe4 Qxc3 32. Ne6 Nb3 33. Ng5 Nd2 34. Qh4 h5 35. Bxd2 Qxd2 36. Ne4 Qe1 37. Qxe7 Qxe4 38. Qd8+ Kg7 39. Qxd7+ Kh6 40. Qe6 Qf3 41. Bg2 Qf6 42. Kf1 h4 43. Qxf6 Bxf6 44. Be4 hxg3 45. fxg3 Be5 1/2-1/2

[Event "FRA-ch Accession"]
[Site "Besancon"]
[Date "2006.08.22"]
[Round "7"]
[White "Alanic, Mickael"]
[Black "Seret, Jean Luc"]
[Result "0-1"]
[WhiteElo "2246"]
[BlackElo "2378"]
[PlyCount "77"]
[EventDate "2006.08.15"]
[EventType "swiss"]
[EventRounds "10"]
[EventCountry "FRA"]
[SourceTitle "CBM 113 Extra"]
[Source "ChessBase"]
[SourceDate "2006.09.14"]
[SourceVersion "1"]
[SourceVersionDate "2006.09.14"]
[SourceQuality "1"]

1. e4 d6 2. g3 g6 3. Bg2 Bg7 4. d3 c5 5. Nf3 Nc6 6. c3 Nf6 7. 0-0 0-0 8. Re1 Rb8 9. a3 b5 10. d4 Bg4 11. h3 Bxf3 12. Bxf3 cxd4 13. cxd4 e5 14. dxe5 dxe5 15. Be3 Qc8 16. Bg2 Rd8 17. Nd2 Nd4 18. Rc1 Qe6 19. Rc3 Bf8 20. Rd3 b4 21. f4 bxa3 22. bxa3 Nh5 23. fxe5 Nc6 24. Rd5 Nxg3 25. Nc4 Nh5 26. Qg4 Ng7 27. Red1 Qxg4 28. hxg4 Ne6 29. Kf2 Be7 30. Rd7 Rb3 31. Rxd8+ Bxd8 32. Rd6 Bh4+ 33. Ke2 Ne7 34. Kd2 Bg5 35. Bxg5 Nxg5 36. Rd8+ Kg7 37. Nd6 Nc6 38. Rc8 Nxe5 39. Ne8+ 0-1

[Event "FRA-ch Accession"]
[Site "Besancon"]
[Date "2006.08.19"]
[Round "5"]
[White "Alanic, Mickael"]
[Black "Olivier, Jean Christophe"]
[Result "1/2-1/2"]
[WhiteElo "2246"]
[BlackElo "2392"]
[PlyCount "67"]
[EventDate "2006.08.15"]
[EventType "swiss"]
[EventRounds "10"]
[EventCountry "FRA"]
[SourceTitle "CBM 113 Extra"]
[Source "ChessBase"]
[SourceDate "2006.09.14"]
[SourceVersion "1"]
[SourceVersionDate "2006.09.14"]
[SourceQuality "1"]

1. e4 c5 2. Nf3 e6 3. d3 d5 4. Nbd2 Nc6 5. g3 Bd6 6. Bg2 Nge7 7. 0-0 0-0 8. Re1 Bd7 9. c3 b5 10. e5 Bc7 11. Nb3 c4 12. Nbd4 Qb8 13. Nxc6 Nxc6 14. d4 b4 15. Ng5 Ne7 16. Qc2 Ng6 17. h4 Rc8 18. f4 h6 19. f5 exf5 20. Nxf7 Be6 21. Nxh6+ gxh6 22. Bxd5 Bxd5 23. Qxf5 Ne7 24. Qf6 Qb6 25. e6 Rf8 26. Qxh6 Rf5 27. Bg5 Qd6 28. Bf4 Rxf4 29. Qg5+ Kh7 30. Re5 Rf5 31. Rxf5 Nxf5 32. Qxf5+ Kg7 33. Qg5+ Kh7 34. Qh5+ 1/2-1/2

[Event "Hennebont Grand Prix"]
[Site "Hennebont"]
[Date "2006.08.06"]
[Round "5"]
[White "Alanic, Mickael"]
[Black "Bleuzen, Erwan"]
[Result "1-0"]
[WhiteElo "2246"]
[BlackElo "2032"]
[PlyCount "55"]
[EventDate "2006.08.05"]
[EventType "swiss"]
[EventRounds "7"]
[EventCountry "FRA"]
[SourceTitle "EXT 2007"]
[Source "ChessBase"]
[SourceDate "2006.11.23"]
[SourceVersion "1"]
[SourceVersionDate "2006.11.23"]
[SourceQuality "1"]

1. e4 c5 2. f4 Nc6 3. Nf3 g6 4. Bc4 Bg7 5. 0-0 e6 6. f5 d5 7. fxg6 hxg6 8. exd5 exd5 9. Bb5 Nge7 10. d4 cxd4 11. Bg5 0-0 12. Nbd2 Qb6 13. Bd3 Bf5 14. Nb3 Be4 15. g4 f5 16. Nh4 Kh7 17. Ng2 Rae8 18. Nf4 Nb4 19. a3 Nxc2 20. Qxc2 fxg4 21. Nc5 Nf5 22. Nd7 Ne3 23. Qf2 Qd6 24. Nxf8+ Rxf8 25. Qh4+ Kg8 26. Be7 Qb6 27. Bxf8 Bxf8 28. Rf2 1-0

[Event "Hennebont Grand Prix"]
[Site "Hennebont"]
[Date "2006.08.06"]
[Round "4"]
[White "Migot, Tangi"]
[Black "Alanic, Mickael"]
[Result "0-1"]
[WhiteElo "1956"]
[BlackElo "2246"]
[PlyCount "64"]
[EventDate "2006.08.05"]
[EventType "swiss"]
[EventRounds "7"]
[EventCountry "FRA"]
[SourceTitle "EXT 2007"]
[Source "ChessBase"]
[SourceDate "2006.11.23"]
[SourceVersion "1"]
[SourceVersionDate "2006.11.23"]
[SourceQuality "1"]

1. e4 c6 2. c4 d5 3. exd5 cxd5 4. d4 Nf6 5. Nc3 e6 6. Nf3 Be7 7. Bg5 0-0 8. Bd3 Nc6 9. a3 h6 10. Bh4 g5 11. Bg3 dxc4 12. Bxc4 g4 13. Ne5 Qxd4 14. Qe2 h5 15. Rd1 Qb6 16. Nxc6 Qxc6 17. Kf1 a6 18. h3 b5 19. Rd4 Bb7 20. Bd5 Nxd5 21. Nxd5 exd5 22. hxg4 Qc1+ 23. Rd1 Qc4 24. Rd3 h4 25. Bxh4 Bxh4 26. Rxh4 Rae8 27. Qd2 Re5 28. f4 Re4 29. b3 Rxf4+ 30. Kg1 Qe4 31. Qc3 d4 32. Qc5 Qxg2# 0-1

[Event "Hennebont Grand Prix"]
[Site "Hennebont"]
[Date "2006.08.05"]
[Round "2"]
[White "Bertrand, Xavier"]
[Black "Alanic, Mickael"]
[Result "1-0"]
[WhiteElo "2065"]
[BlackElo "2246"]
[PlyCount "79"]
[EventDate "2006.08.05"]
[EventType "swiss"]
[EventRounds "7"]
[EventCountry "FRA"]
[SourceTitle "EXT 2007"]
[Source "ChessBase"]
[SourceDate "2006.11.23"]
[SourceVersion "1"]
[SourceVersionDate "2006.11.23"]
[SourceQuality "1"]

1. d4 Nf6 2. Nf3 e6 3. Bg5 c5 4. e3 Qb6 5. Qc1 Ne4 6. Bf4 Nc6 7. c3 d5 8. Bd3 g5 9. Nxg5 Nxg5 10. Bxg5 Rg8 11. Bf6 Rxg2 12. Kf1 Rg8 13. Bxh7 Qa6+ 14. c4 Bg7 15. Rg1 Bxf6 16. Rxg8+ Ke7 17. Nd2 dxc4 18. e4 cxd4 19. Qxc4 Qa5 20. Nb3 Qh5 21. Qc5+ Qxc5 22. Nxc5 b6 23. Nd3 Ba6 24. Rxa8 Bxd3+ 25. Kg1 Bg5 26. Rc8 Kd7 27. Rxc6 Kxc6 28. Rd1 Bc4 29. b3 Be2 30. Rxd4 a5 31. Kg2 b5 32. Kg3 f6 33. f4 e5 34. fxg5 exd4 35. gxf6 Bh5 36. Kf4 Bf7 37. e5 a4 38. bxa4 b4 39. Bb1 Kd5 40. Bc2 1-0

[Event "FRA-ch Accession"]
[Site "Chartres"]
[Date "2005.08.26"]
[Round "10"]
[White "Alanic, Mickael"]
[Black "Ravot, Sylvain"]
[Result "1/2-1/2"]
[WhiteElo "2228"]
[BlackElo "2265"]
[PlyCount "77"]
[EventDate "2005.08.15"]
[EventType "swiss"]
[EventRounds "10"]
[EventCountry "FRA"]
[SourceTitle "EXT 2006"]
[Source "ChessBase"]
[SourceDate "2005.11.24"]
[SourceVersion "1"]
[SourceVersionDate "2005.11.24"]
[SourceQuality "1"]

1. Nf3 d5 2. g3 Nf6 3. Bg2 c6 4. 0-0 Bf5 5. d3 h6 6. Nbd2 e6 7. Re1 a5 8. b3 a4 9. Bb2 Be7 10. e4 Bh7 11. c4 a3 12. Bc3 dxe4 13. dxe4 Na6 14. e5 Nd7 15. Ne4 Bxe4 16. Rxe4 Qc7 17. Qe1 Qb6 18. Rd1 Bb4 19. Rg4 g6 20. Rf4 Ndc5 21. Rd6 Bxc3 22. Qxc3 Nb4 23. Nd4 Nxa2 24. Qf3 Qc7 25. Nxc6 Rf8 26. Rfd4 f5 27. exf6 Nc1 28. Qe3 Rxf6 29. Nb4 N1xb3 30. Nd5 Qf7 31. Nxf6+ Qxf6 32. Bxb7 a2 33. Bc6+ Ke7 34. Rd7+ Nxd7 35. Rxd7+ Kf8 36. Qxh6+ Kg8 37. Qh7+ Kf8 38. Qh6+ Kg8 39. Qh7+ 1/2-1/2

[Event "FRA-ch Accession"]
[Site "Chartres"]
[Date "2005.08.23"]
[Round "7"]
[White "Bernard, Christophe"]
[Black "Alanic, Mickael"]
[Result "1-0"]
[WhiteElo "2321"]
[BlackElo "2228"]
[PlyCount "51"]
[EventDate "2005.08.15"]
[EventType "swiss"]
[EventRounds "10"]
[EventCountry "FRA"]
[SourceTitle "EXT 2006"]
[Source "ChessBase"]
[SourceDate "2005.11.24"]
[SourceVersion "1"]
[SourceVersionDate "2005.11.24"]
[SourceQuality "1"]

1. d4 Nf6 2. c4 e6 3. Nf3 Bb4+ 4. Nbd2 c5 5. dxc5 Na6 6. a3 Bxd2+ 7. Nxd2 Nxc5 8. b4 Nce4 9. Nxe4 Nxe4 10. Bb2 Qg5 11. Qd4 f5 12. g3 0-0 13. Bg2 Qg6 14. c5 b6 15. cxb6 axb6 16. Qxb6 Ra6 17. Qe3 Bb7 18. f4 h5 19. 0-0 h4 20. Rfd1 hxg3 21. hxg3 Bd5 22. Bxe4 fxe4 23. Rac1 Qg4 24. Kf2 e5 25. Bxe5 Rxa3 26. Qxa3 1-0

[Event "FRA-ch Accession"]
[Site "Val d'Isere"]
[Date "2004.08.23"]
[Round "7"]
[White "Alanic, Mickael"]
[Black "Bijaoui, Manuel"]
[Result "0-1"]
[WhiteElo "2171"]
[BlackElo "2332"]
[PlyCount "60"]
[EventDate "2004.08.16"]
[EventType "swiss"]
[EventRounds "11"]
[EventCountry "FRA"]
[SourceTitle "CBM 103 Extra"]
[Source "ChessBase"]
[SourceDate "2005.01.01"]
[SourceVersion "1"]
[SourceVersionDate "2005.01.01"]
[SourceQuality "1"]

1. c4 Nf6 2. g3 g6 3. Bg2 Bg7 4. Nc3 0-0 5. e4 c5 6. Nge2 Nc6 7. 0-0 a6 8. f4 d6 9. a3 Rb8 10. Rb1 Qc7 11. b4 cxb4 12. axb4 Nxb4 13. e5 Ne8 14. Ba3 a5 15. Bxb4 axb4 16. Nd5 Qd8 17. d4 dxe5 18. dxe5 f6 19. exf6 Nxf6 20. Rxb4 Qd6 21. Nxf6+ Qxf6 22. Bxb7 Rxb7 23. Qd5+ e6 24. Qxb7 Bxb7 25. Rxb7 Qf5 26. Rc7 Qd3 27. Kf2 Rb8 28. Re1 h5 29. c5 Rb2 30. Re7 Bd4+ 0-1

[Event "Plancoet op 4th"]
[Site "Plancoet"]
[Date "2004.07.31"]
[Round "8"]
[White "Alanic, Mickael"]
[Black "Solozhenkin, Evgeniy"]
[Result "0-1"]
[WhiteElo "2171"]
[BlackElo "2480"]
[PlyCount "88"]
[EventDate "2004.07.25"]
[EventType "swiss"]
[EventRounds "9"]
[EventCountry "FRA"]
[SourceTitle "CBM 101 Extra"]
[Source "ChessBase"]
[SourceDate "2004.09.01"]
[SourceVersion "2"]
[SourceVersionDate "2004.09.01"]
[SourceQuality "1"]

1. e4 Nf6 2. d3 d5 3. Nd2 e5 4. Ngf3 Nc6 5. g3 Bc5 6. Bg2 dxe4 7. dxe4 0-0 8. 0-0 h6 9. Qe2 b6 10. Nc4 Ba6 11. c3 Qc8 12. b4 Qe6 13. bxc5 Bxc4 14. Qc2 Bxf1 15. Bxf1 Nd7 16. Ba3 Nxc5 17. Bb5 Rfd8 18. Bxc5 bxc5 19. Qa4 Ne7 20. Bc4 Qf6 21. Kg2 Nc8 22. Qa5 Nb6 23. Bb3 Qe7 24. Rb1 g6 25. Re1 Kg7 26. Bd5 Nxd5 27. exd5 e4 28. Nd2 Rxd5 29. Rxe4 Re5 30. Rc4 Qd6 31. Nf3 Rf5 32. Re4 Qd5 33. Re3 Qc6 34. c4 Re8 35. Ra3 Re6 36. Qa4 Qe4 37. Qxa7 Ref6 38. Re3 Qxc4 39. Qa8 Qd5 40. Qxd5 Rxd5 41. Rc3 Ra6 42. a3 Ra4 43. Ne1 c4 44. Kf3 Rb5 0-1

[Event "Plancoet op 4th"]
[Site "Plancoet"]
[Date "2004.07.29"]
[Round "5"]
[White "Alanic, Mickael"]
[Black "Verat, Laurent"]
[Result "0-1"]
[WhiteElo "2175"]
[BlackElo "2306"]
[PlyCount "66"]
[EventDate "2004.07.25"]
[EventType "swiss"]
[EventRounds "9"]
[EventCountry "FRA"]
[SourceTitle "CBM 101 Extra"]
[Source "ChessBase"]
[SourceDate "2004.09.01"]
[SourceVersion "2"]
[SourceVersionDate "2004.09.01"]
[SourceQuality "1"]

1. e4 e5 2. Nf3 Nc6 3. Bc4 Nf6 4. Ng5 d5 5. exd5 Nd4 6. c3 b5 7. Bf1 Nxd5 8. h4 h6 9. cxd4 hxg5 10. dxe5 c6 11. d4 Bb4+ 12. Bd2 Bf5 13. Nc3 gxh4 14. Qf3 Qd7 15. Qxd5 cxd5 16. Bxb5 Rb8 17. Bxd7+ Kxd7 18. Rc1 h3 19. gxh3 Rh4 20. a3 Bf8 21. b4 Rxd4 22. Be3 Rc4 23. Ke2 d4 24. Rhd1 d3+ 25. Kd2 a5 26. Nd5 Rc2+ 27. Ke1 axb4 28. Rb1 b3 29. Nb6+ Kc6 30. Rxb3 Re2+ 31. Kf1 Rxe3 32. Rc3+ Bc5 33. Na4 Rxe5 0-1

[Event "Agneaux St Lo U18 op"]
[Site "Agneaux"]
[Date "2004.07.15"]
[Round "8"]
[White "Alanic, Mickael"]
[Black "Schulz, Stefanie"]
[Result "1-0"]
[WhiteElo "2171"]
[BlackElo "2069"]
[PlyCount "57"]
[EventDate "2004.07.08"]
[EventType "swiss"]
[EventRounds "9"]
[EventCountry "FRA"]
[SourceTitle "EXT 2005"]
[Source "ChessBase"]
[SourceDate "2004.11.15"]
[SourceVersion "1"]
[SourceVersionDate "2004.11.15"]
[SourceQuality "1"]

1. e4 c5 2. c4 Nc6 3. f4 g6 4. Nf3 Bg7 5. Nc3 e6 6. Be2 Nge7 7. d3 d5 8. cxd5 exd5 9. 0-0 0-0 10. Qe1 dxe4 11. dxe4 Nd4 12. Qg3 Nxe2+ 13. Nxe2 b6 14. Nc3 Bb7 15. f5 Kh8 16. Ng5 gxf5 17. exf5 Ng8 18. Bf4 h6 19. Nf3 Nf6 20. Rad1 Qc8 21. Qh3 Bxf3 22. Rxf3 Kh7 23. Rd6 Ng8 24. Nd5 f6 25. Re3 Qb7 26. Ree6 Rae8 27. Qh5 Rxe6 28. Qg6+ Kh8 29. fxe6 1-0

[Event "Agneaux St Lo U18 op"]
[Site "Agneaux"]
[Date "2004.07.12"]
[Round "5"]
[White "Tafforeau, Romain"]
[Black "Alanic, Mickael"]
[Result "1-0"]
[WhiteElo "2052"]
[BlackElo "2171"]
[PlyCount "51"]
[EventDate "2004.07.08"]
[EventType "swiss"]
[EventRounds "9"]
[EventCountry "FRA"]
[SourceTitle "EXT 2005"]
[Source "ChessBase"]
[SourceDate "2004.11.15"]
[SourceVersion "1"]
[SourceVersionDate "2004.11.15"]
[SourceQuality "1"]

1. d4 d6 2. c4 e5 3. Nf3 Nc6 4. Nc3 Bg4 5. d5 Nce7 6. e4 g6 7. Be2 Bg7 8. 0-0 Bd7 9. b4 f5 10. Ng5 Nf6 11. Bf3 Qc8 12. c5 h6 13. Ne6 Bxe6 14. dxe6 dxc5 15. Qb3 cxb4 16. Qxb4 Nc6 17. Qc5 Nd4 18. Qxe5 Nc6 19. Qb5 fxe4 20. Nxe4 0-0 21. Bb2 a6 22. Qb3 Na5 23. Qb4 Nc6 24. Qb3 Ne8 25. Bxg7 Kxg7 26. e7 1-0

[Event "France-ch U18"]
[Site "Reims"]
[Date "2004.04.21"]
[Round "5"]
[White "Favarel, Camille"]
[Black "Alanic, Mickael"]
[Result "0-1"]
[WhiteElo "2100"]
[BlackElo "2157"]
[PlyCount "62"]
[EventDate "2004.04.??"]
[EventType "swiss"]
[EventRounds "9"]
[EventCountry "FRA"]
[SourceTitle "EXT 2005"]
[Source "ChessBase"]
[SourceDate "2004.11.15"]
[SourceVersion "1"]
[SourceVersionDate "2004.11.15"]
[SourceQuality "1"]

1. d4 d6 2. Nf3 g6 3. c4 Bg7 4. Nc3 e5 5. e4 Nc6 6. Be3 Bg4 7. d5 Nd4 8. h3 Nxf3+ 9. gxf3 Bd7 10. c5 f5 11. cxd6 cxd6 12. Bb5 Bh6 13. Qa4 Bxe3 14. fxe3 Nf6 15. exf5 gxf5 16. 0-0-0 Qb6 17. Rhe1 0-0-0 18. Kb1 Rhg8 19. f4 Rg2 20. Re2 Rxe2 21. Qc4+ Kb8 22. Qxe2 Ne4 23. Nxe4 Bxb5 24. Qf3 fxe4 25. Qxe4 exf4 26. exf4 Qc7 27. Rc1 Qf7 28. Qc2 a6 29. a4 Be8 30. f5 Ka8 31. Qe4 Bd7 0-1